Data deluge (Record no. 68203)
[ view plain ]
| 000 -LEADER | |
|---|---|
| fixed length control field | 01017cam a2200229 4500 |
| 001 - CONTROL NUMBER | |
| control field | ABS64369 |
| 008 - FIXED-LENGTH DATA ELEMENTS--GENERAL INFORMATION | |
| fixed length control field | 010910n2001 000 0 eng u |
| 035 ## - SYSTEM CONTROL NUMBER | |
| System control number | (Sirsi) u114484 |
| 100 ## - MAIN ENTRY--PERSONAL NAME | |
| Personal name | Burke, N |
| 245 ## - TITLE STATEMENT | |
| Title | Data deluge |
| 260 ## - PUBLICATION, DISTRIBUTION, ETC. | |
| Date of publication, distribution, etc. | 2001 |
| 490 ## - SERIES STATEMENT | |
| Series statement | Surveyor |
| Volume/sequential designation | 188(5646) 30 August 2001, 16-18(3) |
| 520 ## - SUMMARY, ETC. | |
| Summary, etc. | Describes the work carried out since the floods of 2000 which resulted in the creation of a national flood and coastal defence database (NFCCD). It is hoped that the NFCCD will be available in 2002 to provide a central reference tool for the organisations - the Environment Agency, local authorities and internal drainage boards - will be able to draw upon in assessing risks for planning applications and planning flood and coastal defences. |
| 590 ## - LOCAL NOTE (RLIN) | |
| Local note | ABS |
| 650 ## - SUBJECT ADDED ENTRY--TOPICAL TERM | |
| Topical term or geographic name entry element | FLOODING |
| 650 ## - SUBJECT ADDED ENTRY--TOPICAL TERM | |
| Topical term or geographic name entry element | PLANNING SYSTEM |
| 650 ## - SUBJECT ADDED ENTRY--TOPICAL TERM | |
| Topical term or geographic name entry element | FLOOD DEFENCE |
| 650 ## - SUBJECT ADDED ENTRY--TOPICAL TERM | |
| Topical term or geographic name entry element | COASTAL DEFENCE |
| 650 ## - SUBJECT ADDED ENTRY--TOPICAL TERM | |
| Topical term or geographic name entry element | NATIONAL FLOOD AND COASTAL DEFENCE DATABASE |
| 690 ## - LOCAL SUBJECT ADDED ENTRY--TOPICAL TERM (OCLC, RLIN) | |
| Topical term or geographic name as entry element | ENVIRONMENT-AUDIT/ASSESSMENT |
| 942 ## - ADDED ENTRY ELEMENTS (KOHA) | |
| Suppress in OPAC | 0 |
| Withdrawn status | Lost status | Source of classification or shelving scheme | Damaged status | Not for loan | Home library | Current library | Shelving location | Date acquired | Total Checkouts | Full call number | Barcode | Date last seen | Copy number | Price effective from | Koha item type |
|---|---|---|---|---|---|---|---|---|---|---|---|---|---|---|---|
| Dewey Decimal Classification | London | London | Journal article | 10/09/2001 | ABS64369 | 114484-1001 | 06/08/2019 | 1 | 06/08/2019 | Journal article |